Introduction to internet / (Record no. 19778)

MARC details
000 -LEADER
fixed length control field 00779nam a22002177a 4500
008 - FIXED-LENGTH DATA ELEMENTS--GENERAL INFORMATION
fixed length control field 081212t xxu||||| |||| 00| 0 eng d
010 ## - LCCN (DPL NO)
LC control number ENG-92170
020 ## - INTERNATIONAL STANDARD BOOK NUMBER
Terms of availability 175.00
International Standard Book Number 9788190745932
035 ## - SYSTEM CONTROL NUMBER
System control number EN-75703
037 ## - SOURCE OF ACQUISITION
Source of stock number/acquisition DBAD / PUB
040 ## - CATALOGING SOURCE
Original cataloging agency dpl
Language of cataloging English
082 ## - DEWEY DECIMAL CLASSIFICATION NUMBER
Classification number 004.678
100 ## - MAIN ENTRY--PERSONAL NAME
Personal name Bell, T. Beula
245 ## - TITLE STATEMENT
Title Introduction to internet /
Statement of responsibility, etc by T. Beula Bell
260 ## - PUBLICATION, DISTRIBUTION, ETC. (IMPRINT)
Place of publication, distribution, etc Kanyakumari
Name of publisher, distributor, etc Ideal Publications
Date of publication, distribution, etc 2007
270 ## - ADDRESS
Address Ruby Garden, Mankarai
City Kanyakumari Dist
300 ## - PHYSICAL DESCRIPTION
Extent 184p.
Dimensions 18cm (pbk)
650 ## - SUBJECT ADDED ENTRY--TOPICAL TERM
Topical term or geographic name as entry element Internet.
942 ## - ADDED ENTRY ELEMENTS (KOHA)
Source of classification or shelving scheme Dewey Decimal Classification
Item type English Books
Call number suffix BEL
Classification part 004.678
Holdings
Withdrawn status Lost status Source of classification or shelving scheme Damaged status Not for loan Collection code Home library Current library Date acquired Source of acquisition Cost, normal purchase price Total Checkouts Full call number Barcode Date last seen Copy number Cost, replacement price Koha item type
    Dewey Decimal Classification   Not For Loan Non-fiction D.B.Act.Division D.B.Act.Division 12/12/2008 DBAD / PUB 175.00   004.678 BEL EN-75703 12/12/2008 1 175.00 English Books

© Delhi Public Library
Hit Counter
free hit counter